000 00416nam a22001577a 4500
005 20250207184716.0
008 150313b2010 xxu||||| |||| 00| 0 spa d
041 _aING
082 _aR 423 M568m
245 _aMerriam - Webster 's essential learnesr's English Dictionary
260 _aEstados Unidos
_bWebster
_c2010
300 _a1386 páginas
650 _aINGLÉS
650 _aDICCIONARIOS
942 _cREF
_2ddc
999 _c3939
_d3939